00559nam a2200169 a 450000500170000000800410001702000180005805000270007610000220010324501150012526000530024030000290029352100090032265000100033165000260034170000220036720140310183451.0090120s19uu xx 00 eng d a9781564149909 aHF 5549b.Ar89786 2008 aArmstrong, Sharon aThe essential hr handbook :ba quick and handy resource for any manager of hr professional /cSharon Armstrong aFranklin Lakes, N.J :bCareer Press, Inc,c2008. a255 p. :bill. ;c21 cm. aBSBA aBSBA. aPersonnel management. aMitchell, Barbara